Operations and Supply Management : The Core (Record no. 4533)

MARC details
005 - DATE AND TIME OF LATEST TRANSACTION
control field 20250620130617.0
020 ## - INTERNATIONAL STANDARD BOOK NUMBER
International Standard Book Number 978-0-07-340330-4
082 ## - DEWEY DECIMAL CLASSIFICATION NUMBER
Classification number 658.7 JAC
100 ## - MAIN ENTRY--PERSONAL NAME
Author name JACOBS, R. F
245 ## - TITLE STATEMENT
Title Operations and Supply Management : The Core
260 ## - PUBLICATION, DISTRIBUTION, ETC.
Place of publication, distribution, etc. New York
Name of publisher, distributor, etc. McGraw-Hill Irwin
Date of publication, distribution, etc. 2008.
300 ## - PHYSICAL DESCRIPTION
Extent xiii.415p.: ill.; figure, pictures
Other physical details Appendix, Index
Dimensions 26cm
700 ## - ADDED ENTRY--PERSONAL NAME
Other authors/Editors Richard B. Chase
942 ## - ADDED ENTRY ELEMENTS (KOHA)
Source of classification or shelving scheme Dewey Decimal Classification
Koha item type Books

No items available.